Statystyki dla Izolinie

Kliknij tutaj aby rozwiązać quiz!

Ogólne statystyki

  • Ten quiz został rozwiązany 488 razy
  • Średni wynik to 6 z 9

Statystyki odpowiedzi

HintOdpowiedź% Poprawnych
Linie na mapie łączące punkty o jednakowej wartości ciśnienia atmosferycznego.Izobary
93%
Linie na mapie łączące punkty o jednakowej temperaturze powietrza.Izotermy
92%
Linie na mapie łączące punkty o jednakowym zasoleniu.Izohaliny
72%
Linie na mapie łączące punkty o jednakowej wysokości nad poziomem morza.Izohipsy
72%
Linie na mapie łączące punkty o jednakowej głębokości wody.Izobaty
66%
Linie na mapie łączące punkty o jednakowej sumie opadów atmosferycznych.Izohiety
66%
Linie na mapie łączące punkty o jednakowych amplitudach, np. temperatury.Izoamplitudy
61%
Linie na mapie łączące punkty o jednakowym usłonecznieniu.Izohele
57%
Linie na mapie łączące punkty o jednakowej prędkości wiatru.Izotachy
47%

Rozkład punktacji

Percentyl według liczby udzielonych odpowiedzi

Procent ludzi z każdym wynikiem

Twoja historia wyników

Nie rozwiązałeś tego quizu